00436nam a2200193Ia 4500003000900000008004100009040001300050040001300063041000800076100001800084245003500102250001300137260001200150260000900162300001100171300001000182490004400192490000600236IT-RoPAU120407s9999 xx 000 0 und d aIT-RoPAU cIT-RoPAU aita aKarl Kertelge a“Giustificazione” in Paolo aBrescia  aPaideia c1991 a389 p. c24 cm aSupplementi al Grande Lessico del N. T. v5